Paroles : L'envie - Johnny Hallyday - Statistiques

Statistiques générales
  • Ce quiz a été pris 2 200 fois
  • Le résultat moyen est 190 sur 229
Statistiques - réponses
Paroles % Correct
donne
99%
donné
99%
le
99%
me
99%
la
97%
La
97%
l'envie
97%
l'envie !
97%
L'envie
97%
Qu'on
97%
qu'on
97%
à
96%
d'avoir
94%
ma
94%
m'a
94%
envie !
93%
et
93%
Et
93%
un
93%
vie,
93%
vie!
93%
de
92%
les
92%
ce
90%
J'ai
90%
qui
90%
Qui
90%
des
88%
On
88%
bien
86%
ces
86%
avant
85%
trop
85%
lumière
84%
"merci"
84%
oublié
84%
pour
84%
Pour
84%
puis
84%
Que
84%
que
84%
Toutes
84%
aussi
83%
choses
83%
prix
83%
faim
80%
festin
80%
plaisir
80%
vivre
80%
avaient
79%
désir
79%
rêves
79%
l'obscurité
78%
soif
78%
j'aime
75%
est
73%
font
72%
je
69%
jour
68%
nuit
67%
allume
65%
enfin!
62%
gens
62%
vain
62%
solitude
59%
femmes!
58%
rallume
58%
m'enlève
56%
secondaire
56%
flamme
55%
l'amour
55%
maladie
52%
rêver
52%
an
50%
fasse
50%
retrouve
50%
"toujours"!
50%
discours
49%
froid
49%
m'enferme
49%
l'argent!
47%
silence
47%
dormir
45%
haine
45%
misère
43%
être
40%
respecter
40%
terre
40%
vaincre
40%
l'exil
39%
sain,
36%
oublier
35%
aujourd'hui
33%
toucher
32%
peine
29%
Aucun quiz correspondant
Distribution des résultats
% des personnes avec chaque résultat
Percentile par nombre de réponses
Votre historique - résultats
Vous n’avez pas pris ce quiz